000 00517nam a2200169 4500
001 109713
003 ES-MaACL
005 20230906184908.0
007 t|
008 061121s1971 sp r ||||1| spa d
100 1 _aOmbuena, José.
_987038
245 1 4 _aLas Fallas de Valencia /
_cJosé Ombuena ; fotografías J. Peñalba-Zubillaga.
260 _aLeón :
_bEverest,
_c1971.
300 _a63 p. con 7 lám. col :
_bil ;
_c26 cm.
700 1 _aPeñalba-Zubillaga, J.
_990298
852 _aES-MaACL
_jC-43446
_bR.81125
999 _c109713
_d109713